[Event "Riazan Region-ch FL"]
[Site "Riazan"]
[Date "2011.01.02"]
[Round "?"]
[White "Osykin, Vladimir"]
[Black "Shibaev, Vladimir"]
[Result "0-1"]
[WhiteElo "1829"]
[BlackElo "1943"]
[PlyCount "96"]
[EventDate "2011.01.02"]
[EventType "swiss"]
[EventRounds "9"]
[EventCountry "RUS"]
[SourceTitle "EXT 2022"]
[Source "ChessBase"]
[SourceDate "2021.10.06"]
[SourceVersion "1"]
[SourceVersionDate "2021.10.06"]
[SourceQuality "1"]

1. Nf3 g6 2. c4 Bg7 3. d4 d6 4. e3 Nf6 5. Nc3 c6 6. Be2 0-0 7. Qb3 Qc7 8. Bd2 a6 9. h3 b5 10. Rc1 Qd8 11. a4 bxa4 12. Qxa4 Qb6 13. 0-0 Nbd7 14. Qc2 c5 15. Na4 Qc7 16. d5 a5 17. Ra1 e6 18. e4 Re8 19. Bd3 exd5 20. exd5 Ne5 21. Nxe5 Rxe5 22. f4 Re8 23. Nc3 Bd7 24. f5 Nh5 25. g4 Bd4+ 26. Kg2 Nf6 27. Ne2 Be5 28. Ng1 Reb8 29. Bc3 g5 30. Nf3 h6 31. Rfe1 Re8 32. Re2 Bc8 33. Qd2 Nh7 34. Rxa5 Rxa5 35. Bxa5 Qa7 36. Nxe5 dxe5 37. Bc3 f6 38. Be4 Rd8 39. d6 Nf8 40. Qd5+ Kg7 41. Rd2 Nd7 42. Qc6 Qa1 43. Qc7 Qe1 44. Qxd8 Qxe4+ 45. Kg1 Qe1+ 46. Kg2 Bb7+ 47. Kh2 Qh1+ 48. Kg3 Qg1+ 0-1